00406cam a2200157ua 45000010005000000080039000050400009000440820015000531000033000682450058001012500009001592600030001683000016001986530013002146530021002272406110812n ii |||gr||||Z||||||asm cMAIN a398.0541621 aGandhiya, Jaykanta,eAuthor.1 aHussari, mukali bihu aru bihunascby jaykanta Gandhia a2nd. aDibrugarh:bbanalata,988. a96p:c23cm. aFolklore aAssamese culture